| 000 | 01316nam a2200313 c 4500 | ||
|---|---|---|---|
| 999 |
_c188515 _d188515 |
||
| 003 | BLK | ||
| 005 | 20230406030256.0 | ||
| 008 | 180411b bul|||||r ||||||| ||bul|| | ||
| 010 | _aKNG00197533000 | ||
| 040 | _aBLK | ||
| 041 |
_aBUL _cBUL |
||
| 080 |
_aБългарска литература _b821.163.2 _x-1 _z821.163.2-1 |
||
| 139 |
_aХристов, Кирил _bХ 78 |
||
| 245 | 1 | 0 |
_aСтихотворения _cКирил Христов; под ред. на Радой Ралин; * Кирил Христов Генчев. |
| 257 | _aBGR | ||
| 260 |
_aСофия _bБълг. писател _c1980 |
||
| 300 |
_a487 с., 1 л. _bпортр. _c21 см |
||
| 380 | _aX | ||
| 490 |
_aБиблиотека Български писатели _9458671 |
||
| 500 | _aПълното име на авт. е Кирил Христов Генчев. | ||
| 700 | 1 |
_aРалин, Радой _eпод ред. на _gСтоянов, Димитър Стефанов _9364208 |
|
| 700 | 1 |
_aГенчев, Кирил Христов _9384615 |
|
| 852 | _aЦб 104676 | ||
| 856 | 4 |
_qpdf _i0.00 _ldisable |
|
| 856 | 4 |
_qpdf _i0.00 _ldisable |
|
| 942 |
_cKNG _n0 _s1 |
||
| 944 |
_aCR _c06.12.2016 _kПравда_Бадева |
||
| 944 |
_aED _c06.12.2016 _kПравда_Бадева |
||
| 999 | _d188515 | ||
| 999 | _d188515 | ||